000 00431cam a22001457a 4500
008 180718b1974 xxu||||| |||| 00| 0 eng d
082 _aT000x54 G346
100 _aGhosh, S.
245 _aDevelopment performance and stagflation
_cby S. Ghosh
260 _aCalcutta
_bWorld Press
_c1974
300 _a60p.
650 _aIndia --Economic policy --1966-1974
650 _aInflation (Finance) --India
650 _aEconomic development
999 _c345130
_d345130